Environmental science : (Record no. 542788)
[ view plain ]
| 000 -LEADER | |
|---|---|
| fixed length control field | 00587cam a2200181 a 4500 |
| 020 ## - INTERNATIONAL STANDARD BOOK NUMBER | |
| International Standard Book Number | 069728655X (case) |
| 020 ## - INTERNATIONAL STANDARD BOOK NUMBER | |
| International Standard Book Number | 0697286568 (pbk.) |
| 082 00 - DEWEY DECIMAL CLASSIFICATION NUMBER | |
| Classification number | 363.7 |
| Author Mark | SMI |
| -- | N-01, P-97 |
| 100 1# - MAIN ENTRY--PERSONAL NAME | |
| Personal name | Enger, Eldon D. |
| 9 (RLIN) | 38121 |
| 245 10 - TITLE STATEMENT | |
| Title | Environmental science : |
| Remainder of title | a study of interrelationships. |
| 250 ## - EDITION STATEMENT | |
| Edition statement | 6th ed. / |
| 260 ## - PUBLICATION, DISTRIBUTION, ETC. | |
| Place of publication, distribution, etc. | Boston, Mass. : |
| Name of publisher, distributor, etc. | WCB/McGraw Hill, |
| Date of publication, distribution, etc. | c1998. |
| 300 ## - PHYSICAL DESCRIPTION | |
| Extent | xxi, 456 p. : |
| Other physical details | ill. (some col.), col. maps ; |
| Dimensions | 29 cm. |
| 526 ## - STUDY PROGRAM INFORMATION NOTE | |
| Program name | 0 |
| Interest level | 0 |
| Reading level | 0 |
| Title point value | 363_700000000000000_SMI |
| 650 #0 - SUBJECT ADDED ENTRY--TOPICAL TERM | |
| Topical term or geographic name entry element | Environmental sciences. |
| 700 1# - ADDED ENTRY--PERSONAL NAME | |
| Personal name | Smith, Bradley Fraser. |
| 9 (RLIN) | 38122 |
| 942 ## - ADDED ENTRY ELEMENTS (KOHA) | |
| Source of classification or shelving scheme | |
| Koha item type | Book |
| Withdrawn status | Lost status | Source of classification or shelving scheme | Damaged status | Not for loan | Permanent Location | Current Location | Date acquired | Total Checkouts | Full call number | Barcode | Date last seen | Price effective from | Koha item type |
|---|---|---|---|---|---|---|---|---|---|---|---|---|---|
| Military College of Engineering (MCE) | Military College of Engineering (MCE) | 02/18/2014 | 363.7 SMI | MCE-36691 | 02/18/2014 | 02/18/2014 | Book |
